| 000 | 00396nam a22001697a 4500 | ||
|---|---|---|---|
| 999 |
_c11786 _d11786 |
||
| 003 | OSt | ||
| 008 | 230130b ||||| |||| 00| 0 eng d | ||
| 020 | _a9789352861781 | ||
| 100 | _aGRIFFIN,Ricky W | ||
| 245 | _aInternational Business | ||
| 250 | _a8th ed | ||
| 260 |
_aUP _bPearson _c2022 |
||
| 300 | _a624 | ||
| 650 | _aInternational Business | ||
| 700 | _aPUSTAY,Mike W | ||
| 942 |
_2ddc _cREF |
||